000 00620nam a2200217Ia 4500
005 20250923145616.0
008 008 250917s9999 xx 000 0 eng d
037 _aTextual
040 _aDSWL
_beng
_cDSWL
041 _aeng
_2eng
084 _aX:97.2, N77;1
_qDSWL
100 _aSinha, G.P.
_9837122
245 0 _aIndustrial relations and labour legislation
_c by G.P.Sinha
260 _aNew Delhi
_bDelhi Oxford
_c1977
300 _axv,773 p.
365 _aINR
_b25.42
700 _a P.R.N. Sinha
_9837123
925 _g25.42
942 _cTEXL
_hX:97.2, N77;1
999 _c1453417
_d1453417